Test wiedzy o Subnautica część 2 - Statystyki

Ogólne statystyki
  • Ten quiz został rozwiązany 61 razy
  • Średni wynik to 8 z 15
Statystyki odpowiedzi
Hint Odpowiedź % Poprawnych
Ile jest wysp na mapie? (nie licząc tej przy Aurorze) 2
98%
Ile jest neutralnych lewiatanów? 3
92%
Ile jest wejść do Zaginionej Rzeki? 4
88%
Stworzenie które lubi bawić się z graczem Przytulasek
71%
Ile jest zniszczonych kapsuł ratunkowych? 9
69%
Czy ze strefy zniszczenia jest bezpośrednie dojście do pustki? Tak
63%
Ile trzeba zebrać mniejszych fragmentów kombinezonu PRAWN żeby go zbudować? 20
57%
Jaki Lewiatan żyje w zaginionej rzece? Duch
49%
Co to jest Degasi? Statek
41%
Główny składnik do stworzenia sonaru Seamotha Magnetyt
39%
Jaki biom znajduje się w zakresie głębokości 550-1000 metrów? Zaginiona Rzeka
39%
Ile punktów zdrowia ma Żniwiarz Lewiatański? 5000
31%
Jakiego koloru biolumestencję ma Żniwiarz Lewiatański? Czerwona
20%
Na jakim biomie można dostać się do jaskini żelogrzybów? Trawiasty płaskowyż
10%
Co trzeba zrobić aby uciec z planety? Wyłączyć działo obcych
2%
Nie znaleziono quizów pasujących do podanych kryteriów
Rozkład punktacji
Procent ludzi z każdym wynikiem
Percentyl według liczby udzielonych odpowiedzi
Twoja historia wyników
Nie rozwiązałeś tego quizu